Welcome to the Holygrace Academy Library

Please use search bar below to get started

WORLD HISTORY FUN FACTS (Record no. 6132)

MARC details
000 -LEADER
fixed length control field 00297nam a22001337a 4500
020 ## - INTERNATIONAL STANDARD BOOK NUMBER
ISBN 978-81-264-6657
082 ## - DEWEY DECIMAL CLASSIFICATION NUMBER
Classification number 001
Item number BAN/W
100 ## - MAIN ENTRY--AUTHOR NAME
Personal name BANERJEE, PIALI
245 ## - TITLE STATEMENT
Title WORLD HISTORY FUN FACTS
260 ## - PUBLICATION, DISTRIBUTION, ETC. (IMPRINT)
Place of publication KOTTAYAM
Name of publisher D C BOOKS
300 ## - PHYSICAL DESCRIPTION
Number of Pages 96
650 ## - SUBJECT ADDED ENTRY--TOPICAL TERM
Topical Term WORLD HISTORY
Geographic subdivision KERALA
942 ## - ADDED ENTRY ELEMENTS (KOHA)
Koha item type Books
Holdings
Withdrawn status Lost status Collection code Home library Current library Shelving location Date acquired Source of acquisition Cost, normal purchase price Full call number Accession Number Koha item type
    G.K Main Library Main Library   23/01/2019 PURCHASE 125.00 001 BAN/W 10588 Books